| 000 | 00628nam a2200181 4500 | ||
|---|---|---|---|
| 001 | 123395 | ||
| 003 | ES-MaACL | ||
| 005 | 20250602063224.0 | ||
| 007 | t| | ||
| 008 | 070214q1922 gw r ||||1| spa d | ||
| 100 | 0 |
_aRadek, Karl, _d1885-1939 _994914 |
|
| 245 | 1 | 3 |
_aLa liquidation de la Paise de Versailles _b: raport au 4ème Congrès de l'Internationale Communiste / _cKarl Radek. |
| 260 |
_aHamburg : _bL'International Communiste, _c1922. |
||
| 300 | _a66 p. | ||
| 711 | 1 |
_aCongrès de l'Internationale Communiste ( _cHamburgo? ( _d1922? ( _n. 4º) _9231 |
|
| 852 |
_aES-MaACL _j1652-F-2 |
||
| 999 |
_c123395 _d123395 |
||